Statistiche per Ricostruisci la Carriera del Calciatore - Samuel Eto'o

Clicka qui per fare il quiz!

Statistiche generali

  • Questo quiz è stato fatto 2 volte
  • Il punteggio medio è 7 su 14

Statistiche sulle risposte

HintRisposta% Corretto
2004-2009 Barcellona
100%
2013-2014 Chelsea
100%
2009-2011 Inter
100%
2000-2004 Maiorca
100%
2015-2018 Antalyaspor
50%
1999Espanyol
50%
1997-1998Leganés
50%
2018-2019 Qatar SC
50%
2015 Sampdoria
50%
2011-2013 Anži
0%
2014-2015 Everton
0%
2018 Konyaspor
0%
1998-1999 Real Madrid
0%
1999-2000 Real Madrid
0%

Distribuzione punteggi

Percentile per numero di risposta

Percentuale di utenti per punteggio

I tuoi punteggi nel tempo

Non hai fatto questo quiz